Ends in 'TA' Quiz Stats

 Plays Quiz Updated Nov 13, 2018

Also try: Ends in 'MA'
Challenge
Share
Tweet
Embed
Score 0/62 Timer 13:00
2 Plays Today
Hint Answer % Correct
Greek AlphabetBeta
89.3%
A Day in MexicoSiesta
82.9%
CarsToyota
82.2%
A Day in MexicoPiñata
79.6%
Greek AlphabetZeta
77%
Food & DrinkFeta
75.6%
A Day in MexicoFiesta
71.8%
Greek AlphabetDelta
70.5%
Food & DrinkPasta
67%
A Day in MexicoSeñorita
64.5%
Greek AlphabetTheta
63%
CarsSonata
61%
Greek AlphabetIota
60.8%
GeographyNorth Dakota
59.3%
GeographySouth Dakota
59.2%
HistoryMagna Carta
59.1%
HistoryPinta
57.5%
Food & DrinkMargarita
56.5%
Food & DrinkPita
55.2%
MiscellaneousBarista
51.9%
CarsJetta
49%
MiscellaneousVendetta
48.5%
GeographyMinnesota
46.8%
HistorySparta
44.9%
GeographyAlberta
43.3%
PeopleSanta
36.9%
Food & DrinkBruschetta
36.8%
Food & DrinkChiquita
36.3%
PeopleRita
36.1%
MiscellaneousMagenta
33.5%
GeographyAtlanta
33.2%
Hint Answer % Correct
Greek AlphabetEta
32.9%
GeographyMalta
31.9%
PeopleData
31.1%
HistoryYalta
29.8%
MiscellaneousStigmata
29.8%
CarsBeretta
29.6%
GeographyBogotá
28.7%
MiscellaneousTrifecta
26%
GeographyWichita
25.7%
MiscellaneousPer capita
25.6%
MiscellaneousLolita
25.6%
Food & DrinkRicotta
25.2%
MiscellaneousJunta
22.4%
Food & DrinkPolenta
19%
Food & DrinkVelveeta
17.9%
MiscellaneousQuota
17.4%
MiscellaneousLa dolce vita
16.6%
GeographyAugusta
15.3%
GeographyJakarta
15.3%
HistoryEmiliano Zapata
14.1%
Food & DrinkCiabatta
13.3%
HistoryRosetta
12.7%
MiscellaneousTerracotta
12.3%
MiscellaneousLakota
11.8%
PeopleJohn Travolta
11.2%
HistoryBallista
9.1%
GeographyValletta
7.2%
GeographyKolkata
6.1%
PeopleHippolyta
6%
PeopleDan Castellaneta
5.2%
GeographyLake Volta
2.7%

You're not logged in!

Compare scores with friends on all Sporcle quizzes.
OR
Log In

You Might Also Like...

Show Comments

Extras

Top Quizzes Today


Score Distribution

Your Account Isn't Verified!

In order to create a playlist on Sporcle, you need to verify the email address you used during registration. Go to your Sporcle Settings to finish the process.

Report this User

Report this user for behavior that violates our Community Guidelines.

Details: